000 01125nam a2200301 i 4500
003 DO-SdBNP
005 20250715142308.0
007 ta
008 250520b2024 dr ac||| |||| 00| 0 spa d
020 _a9789945510805
040 _aDO-SdBNP
_bspa
_cBNPHU
_erda
041 _aspa
082 4 _axxx
_bV635
_222
100 _aVicioso, Sherezada, (chiqui)
_eautor
_4aut.
_984631
245 1 3 _aLa tristeza sin fin de ser poeta /
_cselección de textos y presentación de, Chiqui Vicioso ; corrección, María del Carmen Vicente
250 _aSegunda edición corregida
264 4 _aSanto Domingo :
_bMinisterio de Cultura,
_bEditora Nacional,
_c©2024.
300 _a258 páginas :
_bilustraciones, retratos ;
_c23 cm.
336 _atexto
_btxt
_2rdacontent
337 _asin mediación
_bn
_2rdamedia
338 _avolumen
_bnc
_2rdacarrier
500 _aIncluye referencias bibliográficas y notas al pie de las páginas
590 _aInventariado, 2025/BT
700 1 _aVicioso, Chiqui,
_eselección
_4sel.
_987126
700 1 _aVicente, María del Carmen,
_ecorrector
_4corr.
_957201
910 _aBtavárez
942 _2ddc
_cLBS1
999 _c58327
_d58327